00398nam a2200145 i 4500001001100000003000500011005001700016008004100033040002500074245001400099264007000113336002100183337002500204338002300229C2-0235049PPAK20180729161601.0010826s1989 my |||| ||||| | may d aPPAKbengcPPAKerda00aPaku Alam 1aAlor Setar, Kedah : bPerbadanan Perpustakaan Awam Kedah , c1989 2rdacontentatext 2rdamediaaunmediated 2rdacarrieravolume